000 00332nam a2200145Ia 4500
005 20241220035537.0
008 240331s9999 xx 000 0 und d
082 _bWIJ
_a823
100 _aWijenaike, P
245 4 _aThe Rebel
260 _aColombo
_bWesley Press
_c1979
300 _a155 p .,
650 _aShort Stories
942 _cL
999 _c3325
_d3325